000 00707nam a2200205Ia 4500
003 GCL
008 140319s9999 xx 000 0 ara d
040 _aGCL /
_cGCL
082 0 4 _a792
_bب م
100 1 _aبالمه، كريستوفر
245 1 0 _aمقدمة فى علم المسرح /
_cبالمه، كريستوفر
260 _aالقاهرة :
_bوزارة الثقافة - مهرجان القاهرة الدولى للمسرح التجريبى ،
_c2001
300 _a402 ص ؛
_c28 سم
650 0 4 _aالاخراج المسرحى
650 0 4 _aالمسرح
650 0 4 _aالدراما
650 0 4 _aالمسرح - تاريخ
650 0 4 _aالمسرح - نظريات
942 _2ddc
_cBK
999 _c57312
_d57312